000 00647nam a22002177a 4500
003 UA-OsUOA
001 64818
007 ta
008 20091110b un ||||| |||| 00| 0 ukr d
100 _aЛісогор Л.
090 _a330(477)
_bЛ67
942 _cSA
040 _aUA-OsUOA
_bukr
_cUA-OsUOA
_dUA-OsUOA
245 _aНапрями мінімізації соціальних шоків у сфері праці України
300 _aС.3-11
955 _a0
041 _aukr
080 _a330(477)
773 0 _w64817
_tУкраїна: аспекти праці
_dК.
_d2009
_g7
650 7 _a330 Економіка взагалі
_2UDC
999 _c350922
_d350922